[Event "FRA-ch U12"]
[Site "Saint Paul Trois Chateaux"]
[Date "2013.05.01"]
[Round "4"]
[White "Lagarde, Dimitri"]
[Black "Sahki, Saphir"]
[Result "1-0"]
[WhiteElo "1893"]
[BlackElo "1685"]
[PlyCount "73"]
[EventDate "2013.04.28"]
[EventType "swiss"]
[EventRounds "9"]
[EventCountry "FRA"]
[SourceTitle "CBM 154 Extra"]
[Source "ChessBase"]
[SourceDate "2013.06.25"]
[SourceVersion "2"]
[SourceVersionDate "2013.06.25"]
[SourceQuality "1"]

1. e4 e5 2. Nf3 Nc6 3. Bb5 Nf6 4. 0-0 d6 5. d4 exd4 6. Nxd4 Bd7 7. Bxc6 bxc6 8. Qf3 c5 9. Nf5 Bxf5 10. Qxf5 Qd7 11. Qxd7+ Nxd7 12. f3 g6 13. Nc3 a6 14. Nd5 Ra7 15. Bf4 Bg7 16. Rab1 Nf6 17. Rfe1 0-0 18. Nxc7 Rxc7 19. Bxd6 Rb7 20. Bxf8 Bxf8 21. b3 a5 22. Rbd1 Nh5 23. Rd8 Ra7 24. g3 Ng7 25. c3 Ne6 26. Rd3 Rb7 27. Red1 Bg7 28. f4 c4 29. bxc4 Rc7 30. f5 Nf8 31. Rf3 Nd7 32. f6 Ne5 33. Rd8+ Bf8 34. Rf1 Rxc4 35. Rfd1 Nf3+ 36. Kf2 Ng5 37. Rxf8+ 1-0

[Event "FRA-chT U20 GpA 1213"]
[Site "France"]
[Date "2012.12.02"]
[Round "3"]
[White "Trouve, Guillaume"]
[Black "Sahki, Saphir"]
[Result "1-0"]
[WhiteElo "1849"]
[BlackElo "1629"]
[PlyCount "111"]
[EventDate "2012.12.01"]
[EventType "team"]
[EventRounds "7"]
[EventCountry "FRA"]
[SourceTitle "EXT 2014"]
[Source "ChessBase"]
[SourceDate "2013.11.20"]
[SourceVersion "1"]
[SourceVersionDate "2013.11.20"]
[SourceQuality "1"]
[WhiteTeam "Mulhouse (U20)"]
[BlackTeam "Bischwiller (U20)"]
[WhiteTeamCountry "FRA"]
[BlackTeamCountry "FRA"]

1. e4 e5 2. Nf3 Nc6 3. Bc4 d6 4. c3 Be7 5. d3 Nf6 6. Nbd2 0-0 7. Nf1 Na5 8. Bb5 c6 9. Ba4 b5 10. Bc2 Nb7 11. Ng3 Nc5 12. 0-0 Ne6 13. d4 exd4 14. cxd4 Qc7 15. Nf5 Nd8 16. Nxe7+ Qxe7 17. Bg5 Qe6 18. Qd3 Nd7 19. Rfe1 Qc4 20. Qxc4 bxc4 21. Be7 Re8 22. Bxd6 Nb7 23. Bg3 Nb6 24. Ne5 Bd7 25. Nxd7 Nxd7 26. Ba4 Na5 27. Bc7 Nb6 28. Bc2 Rac8 29. Bf4 Rcd8 30. Bd2 Nb7 31. Bc3 Nd6 32. a4 f6 33. f3 Nf7 34. a5 Nd7 35. Ba4 Rc8 36. Bb4 Rb8 37. Ba3 Rbc8 38. Rac1 Red8 39. Rxc4 Nb8 40. Rec1 Nd6 41. Bxd6 Rxd6 42. d5 Nd7 43. Rxc6 Rdxc6 44. Rxc6 Rb8 45. Rc7 Ne5 46. d6 Kf8 47. b3 Rd8 48. d7 Ke7 49. Rxa7 Nxd7 50. Bxd7 Rxd7 51. Rxd7+ Kxd7 52. b4 Kc6 53. Kf2 g6 54. Ke3 h6 55. f4 g5 56. g3 1-0

[Event "FRA-ch U12"]
[Site "Nimes"]
[Date "2012.04.15"]
[Round "3"]
[White "Sahki, Saphir"]
[Black "Burri, Quentin"]
[Result "1/2-1/2"]
[WhiteElo "1593"]
[BlackElo "1768"]
[PlyCount "138"]
[EventDate "2012.04.14"]
[EventType "swiss"]
[EventRounds "9"]
[EventCountry "FRA"]
[SourceTitle "CBM 148 Extra"]
[Source "ChessBase"]
[SourceDate "2012.06.22"]
[SourceVersion "1"]
[SourceVersionDate "2012.06.22"]
[SourceQuality "1"]

1. e4 c5 2. Nf3 d6 3. c3 Nf6 4. d3 Bg4 5. Be2 Nc6 6. Be3 e6 7. c4 Qb6 8. Qd2 Nd4 9. Bxd4 cxd4 10. 0-0 e5 11. Qc2 Rc8 12. Nbd2 Be7 13. h3 Bd7 14. a3 Qc7 15. b4 b5 16. Rfc1 a6 17. Qb2 Qb8 18. Rc2 h5 19. Rac1 Bd8 20. Nb3 bxc4 21. Rxc4 Rxc4 22. Rxc4 Bb5 23. Rc2 h4 24. Nh2 Bb6 25. Qc1 Bd8 26. Rc8 Qb6 27. Rc2 Nxe4 28. dxe4 d3 29. Bxd3 Bxd3 30. Rc6 Qb8 31. Qd2 Bb5 32. Qxd6 Qxd6 33. Rxd6 Ke7 34. Rd2 Bb6 35. Nf3 f6 36. Ne1 Rc8 37. Nf3 g5 38. Rb2 Rc3 39. Nfd2 Ke6 40. Ra2 Ba4 41. Rb2 Kd6 42. Kf1 Kc6 43. Ke1 Kb5 44. Ke2 Ba7 45. Ke1 Bxb3 46. Rxb3 Bd4 47. Ke2 Ka4 48. Rxc3 Bxc3 49. Nc4 Kb3 50. Nd6 Kxa3 51. b5 axb5 52. Nxb5+ Kb3 53. Nd6 Bb4 54. Ne8 Be7 55. Kf3 Kc3 56. Kg4 Kd3 57. Kf5 Ke2 58. Nxf6 Kxf2 59. Nd5 Bd8 60. Kg4 Kxg2 61. Nb4 Be7 62. Nc6 Bd6 63. Nd8 Be7 64. Nf7 Bf6 65. Kf5 Be7 66. Kg4 Bf6 67. Kf5 Be7 68. Kg4 Bf6 69. Kf5 Be7 1/2-1/2

[Event "GER-ch U10"]
[Site "Oberhof"]
[Date "2011.06.16"]
[Round "8"]
[White "Baberz, Alexander"]
[Black "Sahki, Saphir"]
[Result "1-0"]
[WhiteElo "1854"]
[BlackElo "1597"]
[PlyCount "139"]
[EventDate "2011.06.11"]
[EventType "swiss"]
[EventRounds "11"]
[EventCountry "GER"]
[SourceTitle "CBM 142 Extra"]
[Source "ChessBase"]
[SourceDate "2011.06.27"]
[SourceVersion "1"]
[SourceVersionDate "2011.06.27"]
[SourceQuality "1"]

1. d4 d5 2. Nf3 Nf6 3. e3 e6 4. c4 c6 5. Nc3 Be7 6. Bd3 Nbd7 7. 0-0 0-0 8. e4 dxe4 9. Nxe4 Nb6 10. b3 h6 11. Ne5 Nbd7 12. Nxd7 Bxd7 13. Nxf6+ Bxf6 14. Qf3 Bg5 15. Qe4 f5 16. Qe2 Bxc1 17. Raxc1 Rf6 18. Rce1 Rg6 19. f4 Rc8 20. c5 Be8 21. Qe5 Qd5 22. Qxd5 cxd5 23. Re5 Rf6 24. Rfe1 Bd7 25. h4 a6 26. b4 Rg6 27. Kf2 Kf8 28. a4 Re8 29. b5 axb5 30. Bxb5 Bxb5 31. axb5 Kf7 32. Ra1 Re7 33. Ra7 Rf6 34. b6 Kg6 35. c6 Rff7 36. c7 Re8 37. Rxe6+ Rxe6 38. c8Q Rxb6 39. Qe8 Rb2+ 40. Kg3 Kf6 41. Qe5+ Kg6 42. Qe6+ Rf6 43. Qe8+ Kh7 44. h5 Ra6 45. Rxa6 bxa6 46. Qg6+ Kh8 47. Qxa6 Rd2 48. Qa8+ Kh7 49. Qxd5 Rd3+ 50. Kh2 Rd2 51. Qxf5+ Kg8 52. Qe6+ Kh7 53. d5 Rd4 54. d6 Rxf4 55. d7 Rh4+ 56. Kg1 Rd4 57. Qg6+ Kg8 58. Qe8+ Kh7 59. d8Q Rxd8 60. Qxd8 g5 61. hxg6+ Kxg6 62. Qf8 h5 63. Kf2 h4 64. Kf3 Kh5 65. Kf4 Kg6 66. Qf5+ Kh6 67. Qg5+ Kh7 68. Kf5 h3 69. Kf6 hxg2 70. Qg7# 1-0

[Event "GER-ch U10"]
[Site "Oberhof"]
[Date "2011.06.14"]
[Round "5"]
[White "Sahki, Saphir"]
[Black "Reimann, Sebastian"]
[Result "1-0"]
[WhiteElo "1597"]
[BlackElo "1442"]
[PlyCount "127"]
[EventDate "2011.06.11"]
[EventType "swiss"]
[EventRounds "11"]
[EventCountry "GER"]
[SourceTitle "CBM 142 Extra"]
[Source "ChessBase"]
[SourceDate "2011.06.27"]
[SourceVersion "1"]
[SourceVersionDate "2011.06.27"]
[SourceQuality "1"]

1. e4 e5 2. Nf3 Nc6 3. d4 exd4 4. Nxd4 Bc5 5. Be3 Qf6 6. c3 Nge7 7. Bc4 Ne5 8. Bb3 Qg6 9. 0-0 0-0 10. Nd2 d6 11. Kh1 a6 12. f3 Bd7 13. a4 Rad8 14. Bf2 Rfe8 15. Qc2 Kh8 16. Nc4 Nxc4 17. Bxc4 Bc8 18. b4 Ba7 19. Ne2 Bxf2 20. Rxf2 Be6 21. Nf4 Qf6 22. Nxe6 fxe6 23. Rd1 e5 24. Bd5 Nxd5 25. Rxd5 Rf8 26. Rfd2 g5 27. h3 Qf4 28. c4 g4 29. hxg4 Rf6 30. Rf2 Rg8 31. Kg1 Rh6 32. Qd2 Qh2+ 33. Kf1 Rgg6 34. c5 Qh4 35. Qc3 Qe7 36. cxd6 cxd6 37. b5 Qd7 38. Qxe5+ Kg8 39. Qb2 Qc7 40. Rc2 Rh1+ 41. Ke2 Qa5 42. Rc8+ Kf7 43. Qd2 Qxd2+ 44. Kxd2 Rh2 45. Rc7+ Ke6 46. Rxb7 Rxg2+ 47. Ke3 axb5 48. Rbxb5 Rg3 49. Rb6 Kd7 50. Rb7+ Kc6 51. Rxh7 R6xg4 52. Rh6 Rg6 53. Rxg6 Rxg6 54. Kf4 Rf6+ 55. Kg4 Rf8 56. f4 Ra8 57. a5 Re8 58. Kf3 Rf8 59. f5 Kd7 60. Kf4 Re8 61. e5 Rxe5 62. Rxe5 Kc6 63. Re6 Kd5 64. a6 1-0